000 00500 a2200145 4500
999 _c10075
_d10075
050 _aKTL2.23. Z8 C66 ZIM 2001
100 _aRowland Reid J
_eeditor
245 _aThe Consolidated Index to the Zimbabwean Law Reports
_b1992-1999
_cJ Reid Rowland
264 _aHarare, Zimbabwe :
_bLegal Resources Foundation,
_c2001
300 _a426p.
500 _aIncludes index
650 _aConsolidated index to the Zimbabwe Law Reports
651 _aZimbabwe
942 _2lcc
_cSERIALS
_h2.23.A8 C66 2001
_iZIM
_kKTZ